Tenth Malaysia Plan 2011 - 2015.

Bibliographic Details
Corporate Author: Prime Minister's Department
Format: Book
Published: Putrajaya: Economic Planning Unit, Prime Minister's Department, 2010.
Subjects:
LEADER 00623cam a2200181 7i4500
001 0000024649
005 20100617090000.0
020 0 0 |a 978-967-5842-00-9  
090 0 0 |a M 338.9595   |b MAL 
110 2 0 |a Prime Minister's Department 
245 0 0 |a Tenth Malaysia Plan 2011 - 2015. 
260 0 0 |a Putrajaya:   |b Economic Planning Unit, Prime Minister's Department,   |c 2010. 
300 # # |a 429 p. 
650 0 0 |a Malaysia --   |x Economic development  
650 0 0 |a Tenth Malaysia Plan --   |x Policy  
651 0 0 |a Malaysia  
999 |a 0000027358  |b Book  |c Malaysia  |e Business Information Centre 
999 |a 0000027357  |b Book  |c Malaysia  |e Business Information Centre